000 00571nam a2200229Ia 4500
003 OSt
005 20220924151934.0
006 a|||||r|||| 00| 0
007 ta
008 220923b |||||||| |||| 00| 0 mar d
024 _a340034
037 _cTextual
040 _aARTS
_cARTS
_bmar
041 _2mar
_amar
082 _aO155,1:gK, L3
100 _aJoshi L.V
_9225340
245 0 _aSanshodhan manjari
260 _c1973
650 _aMARATHI LITERATURE
_938000
942 _hO155,1:gK, L3
_cTEXL
_2CC
999 _c468130
_d468130